Quiz sur Lorgues - Statistiques

Statistiques générales
  • Ce quiz a été pris 14 fois
  • Le résultat moyen est 6 sur 20
Statistiques - réponses
Hint Réponse % Correct
Le département de Lorgues Var
100%
La région dans laquelle Lorgues se trouve Provence-Alpes-Côte d'Azur
90%
Une de ses sous-préfecture, située à 14km de Lorgues Draguignan
80%
La prefecture de ce département Toulon
80%
Nom du fleuve varois passant à Lorgues Argens
50%
Gentilé Lorguais(e)
40%
Nom du point culminant de Lorgues Saint-Ferréol
40%
Nombre d'habitants (selon la Mairie, à 500 près) 10500
30%
Célébrité principale de la ville Alice Béraud
20%
Religion majoritaire Catholicisme
20%
Maire de Lorgues Claude Alemagna
20%
Dettes de Lorgues en 2020 (en €) 0
10%
Vestiges de cette occupation humaine Dolmen de Peycervier
10%
Début de l'occupation humaine de Lorgues Préhistoire
10%
Ordre de religieux qui s'y installe en 1156 Templiers
10%
Le canton de Lorgues Vidauban
10%
Artère routière centrale de la ville Cours de la République
0%
Blason de la ville inscrit sur la fontaine de la Noix Force et Fidélité
0%
Nom provençal Lorgo
0%
Infrastructure aujourd'hui en ruine que cet ordre a construit Remparts
0%
Aucun quiz correspondant
Distribution des résultats
% des personnes avec chaque résultat
Percentile par nombre de réponses
Votre historique - résultats
Vous n’avez pas pris ce quiz